Пропуск в контексте

Юридическая психология Курс лекций

Курс лекций по дисциплине «Юридическая психология» служит для изучения студентами юридических факультетов психологических явлений в сфере правоприменительной деятельности особенностей и закономерностей психики личности или психологии групп людей чья деятельность связана с правотворчеством или правоп...

תיאור מלא

שמור ב:
מידע ביבליוגרפי
מחבר ראשי: Шевченко А.М
פורמט: Курс лекций
מהדורה:1
גישה מקוונת:https://znanium.ru/catalog/document?id=464746
https://znanium.ru/cover/2210/2210850.jpg
תגים: הוספת תג
אין תגיות, היה/י הראשונ/ה לתייג את הרשומה!
LEADER 03610nam0a2200313 i 4500
001 RU\infra-m\znanium\bibl\2210850
003 https://znanium.ru/catalog/document?id=464746
005 20250513000000.0
010 |a 978-5-7972-1338-3 
100 |a 20250513d2025 m y0rusy0150 ca 
101 0 |a rus 
102 |a RU 
200 1 |a Юридическая психология  |e Курс лекций  |f Ростовский государственный экономический университет (РИНХ), ф-л в г. Миллерово 
205 |a 1 
210 1 |a Ростов-на-Дону  |c Ростовский Государственный Экономический Университет (РГЭУ, бывший РИНХ)  |d 2009 
215 |a 128 с. 
330 |a Курс лекций по дисциплине «Юридическая психология» служит для изучения студентами юридических факультетов психологических явлений в сфере правоприменительной деятельности особенностей и закономерностей психики личности или психологии групп людей чья деятельность связана с правотворчеством или правоприменительной деятельностью. В лекциях раскрываются методы юридической психологии система генетических психологических и социальных факторов детерминации криминального поведения понятие и структура личности преступника его психология психологическая оценка преступных групп: характеризуется правосознание его виды проблемы социализации и правовой социализации личности проблемы судебно-психологической экспертизы. Разработан с учётом требований Государственного образовательного стандарта высшего профессионального образования РФ по специальности «юриспруденция». Предназначен для студентов специальности «юриспруденция» очной формы обучения. Количество часов отведенных для лекций. - 36. для практических занятий - 18. 
333 |a ВО - Бакалавриат 
606 |a Право. Юридические науки  |x Юридическая психология и этика  |2 local 
608 |a Курс лекций  |2 local 
675 |a 15  |z rus 
675 |a 34  |z rus 
686 |a 67  |2 rubbk 
686 |a 40.03.01  |2 okso 
686 |a 40.04.01  |2 okso 
700 1 |a Шевченко  |b А.М.  |g Александр Михайлович  |p Ростовский государственный экономический университет (РИНХ), ф-л в г. Миллерово 
801 0 |a RU  |b Общество с ограниченной ответственностью «ЗНАНИУМ»  |c 20250512  |2 rusmarc 
856 4 |a znanium.ru  |m ebs_support@infra-m.ru  |n НИЦ ИНФРА-М  |u https://znanium.ru/catalog/document?id=464746 
856 4 1 |a znanium.ru  |d /cover/2210  |f 2210850.jpg  |u https://znanium.ru/cover/2210/2210850.jpg